• 首页
  • 本馆介绍
  • 公告通知
  • 最新文献
  • 馆藏检索
  • 电子资源
  • 读者导购
  • 参考咨询
  • 我的图书馆
  • 登录
  • 详细信息显示
  • 放入我的书架
  • 预约/预借图书
  • 作者相关作品
  • 分类相关作品
  • 丛书相关作品
  • 出版社相关作品

书目信息

  • 表格格式
  • 工作单格式
  • 卡片格式
题名:
汉末三国大变局
    
 
作者: 姜越 编著
分册:  
出版信息: 沈阳   辽宁人民出版社  2018
页数: 222页
开本: 24cm
丛书名: 王朝拐点系列
单 册:
中图分类: K236.07
科图分类:
主题词: 古代史--研究--中国--三国时代
电子资源:
ISBN: 978-7-205-09189-7
000 00899oam2 2200253 450
001 012001005589
005 20080820111840.0
010    @a978-7-205-09189-7@dCNY43.80
100    @a20180412d2018 em y0chiy50 ea
101 0  @achi
102    @aCN@b210100
105    @ay z 000yy
106    @ar
200 1  @a汉末三国大变局@9han mo san guo da bian ju@f姜越编著
210    @a沈阳@c辽宁人民出版社@d2018
215    @a222页@d24cm
225 1  @a王朝拐点系列
330    @a本书是一部普及性历史类社科书。本书向读者列举了发生在当汉朝末年和三国建立时期重要的历史事件,并且引用了史学家们重要的争议与文献记载,集众人的智慧、严谨的思维为一体,讲述当时的历史变革,这才编写了这部《汉末三国大变局》。
461  0 @12001 @a王朝拐点系列
606 0  @a古代史@x研究@y中国@z三国时代
690    @aK236.07@v5
701  0 @a姜越@9jiang yue@4编著
801  0 @aCN@b上海新华@c20180901
905    @b1174543-7@dK236.07@e111@f5
    
    汉末三国大变局/姜越编著.-沈阳:辽宁人民出版社,2018
    222页;24cm.-(王朝拐点系列)
    
    
    ISBN 978-7-205-09189-7:CNY43.80
    本书是一部普及性历史类社科书。本书向读者列举了发生在当汉朝末年和三国建立时期重要的历史事件,并且引用了史学家们重要的争议与文献记载,集众人的智慧、严谨的思维为一体,讲述当时的历史变革,这才编写了这部《汉末三国大变局》。
●
相关链接 在E读中查询图书 在五车中查询图书 在当当中查询图书 在豆瓣中查询图书


正题名:汉末三国大变局     索取号:K236.07/111         预约/预借

序号 登录号 条形码 馆藏地/架位号 状态 备注
1 1174543   211745432   第二样本阅览室/ [索取号:K236.07/111] 在馆    
2 1174544   211745441   密集书库-史法系/ [索取号:K236.07/111] 在馆    
3 1174545   211745450   第二借阅区/ [索取号:K236.07/111] 在馆    
4 1174546   211745469   第二借阅区/ [索取号:K236.07/111] 在馆    
5 1174547   211745478   第二借阅区/ [索取号:K236.07/111] 在馆    
唐山师范学院图书馆 欢迎您!
大连网信软件有限公司© 版权所有